[Event "Dortmund SuperGM 31st"]
[Site "Dortmund"]
[Date "2003.08.02"]
[Round "3"]
[White "Bologan, Viktor"]
[Black "Anand, Viswanathan"]
[Result "1-0"]
[WhiteElo "2650"]
[BlackElo "2774"]
[Annotator "Lukacs,P"]
[PlyCount "81"]
[EventDate "2003.07.31"]
[EventType "tourn"]
[EventRounds "10"]
[EventCountry "GER"]
[EventCategory "18"]
[SourceTitle "CBM 097"]
[Source "ChessBase"]
[SourceDate "2003.11.11"]
[SourceVersion "1"]
[SourceVersionDate "2003.11.11"]
[SourceQuality "1"]

1. e4 c6 2. d4 d5 3. Nc3 dxe4 4. Nxe4 Bf5 5. Ng3 Bg6 6. h4 h6 7. Nf3 Nd7 8. h5
Bh7 9. Bd3 Bxd3 10. Qxd3 Ngf6 11. Bf4 e6 12. O-O-O Be7 13. Kb1 Qa5 14. Ne5 Rd8
(14... O-O {is the main line.}) 15. Qe2 (15. Nc4 {deserves attention as well.}
Qd5 (15... Qb5 16. Bc7 Rc8 17. Nd6+ Bxd6 18. Bxd6 Qxd3 19. Rxd3 {and White
obtains some space advantage in the _|_.} Nb6 20. Bc5 Kd7 21. Rh4 Kc7 22. Ne4
$14 {Timman-Larsen, Amsterdam 1980}) 16. Rhe1 (16. f3 Nb6 17. Ne5) 16... c5 (
16... O-O 17. Ne3 $1 (17. Nf5 Qxf5 18. Qxf5 exf5 19. Rxe7 Rfe8 {and >< h5
remains a target.}) 17... Qa5 (17... Qb5 18. Qxb5 cxb5 19. d5 $14 {opening up
the position for the active pieces.}) 18. Nef5 Bb4 19. c3 exf5 20. cxb4 Qxb4
21. Nxf5 $14 {with nasty threats on the >>, >< g7, h6.}) 17. dxc5 Qxd3 18. Rxd3
Nxc5 (18... Bxc5 19. Bc7 Rc8 20. Nd6+ Bxd6 21. Bxd6 $16) 19. Rxd8+ Kxd8 20.
Rd1+ $14) 15... O-O {[#]} 16. Ng6 $1 Rfe8 ({accepting the sacrifice leads to
sad consequences for Black.} 16... fxg6 17. Qxe6+ Kh8 (17... Kh7 18. hxg6+ Kxg6
19. Qxe7 $16) 18. hxg6 $1 {This is the point!} (18. Qxe7 Nd5 19. Bd2 Qxa2+ 20.
Kxa2 Nxe7 21. Bb4 c5 (21... Rf7 22. hxg6 Nxg6 23. Ne4 $16) 22. Bxc5 Nxc5 23.
dxc5 Rxd1 24. Rxd1 Rxf2 25. Rd7 $14 {Tal}) 18... Ng8 19. Bxh6 $1 gxh6 20. Rxh6+
Nxh6 21. Qxe7 Nf7 (21... Nf6 22. g7+ (22. Rh1 Kg8 {Cimmino-Franz, corr 1995})
22... Kg8 23. gxf8=Q+ Rxf8 24. Qxb7 $16 {Bologan}) 22. Rh1+ Kg8 (22... Kg7 23.
Rh7+ Kxg6 24. Qe4+ Kf6 25. Nh5+ $16) 23. Qh4 Kg7 24. Nh5+ $16) 17. Nxe7+ Rxe7
18. Rd3 (18. c4 $142 {looks even better!} Ree8 19. Qf3 $1 Qa6 20. Rc1 b5 21. c5
{White gives up the vutal d5 square, but he has good attacking chances on the
>>, while Black has nothing on the other flank. The Q on a6 is also out of
play.} Nd5 $2 (21... b4 $5) 22. Ne4 Qa4 23. Rhd1 e5 24. Be3 $1 (24. Bxe5 Nxe5
25. dxe5 Rxe5 26. Nd6 Rd7 27. Qh3 Rc7 $11) 24... Re6 (24... Re7 25. Nd6 Nb4 26.
a3 Nd5 27. Nf5 $16) 25. Nd6 Rf6 26. Qg3 Nf4 27. b3 (27. Bxf4 $16) 27... Qb4 28.
Bd2 Qa3 29. dxe5 Nxh5 30. Qh4 $18 {Tseshkovsky-Dreev, RUS-ch 2003}) 18... Ree8
19. Rhd1 (19. Ra3 Qd5 20. Rxa7 b5 21. c3 Ra8 22. Rxa8 Rxa8 23. a3 b4 $1 $132)
19... Qd5 $5 (19... c5) 20. Rg1 $1 b5 (20... Nxh5 $2 21. Bxh6 $1 Nxg3 22. Rxg3
$16) (20... Qa5 $5 21. Ra3 (21. c4 b5 $1) 21... Qd5 $1 (21... Qb6 22. Rd1 (22.
Rb3 Qxd4 23. Bc7 Ra8) 22... c5 $13) 22. Rxa7 b5 $44) 21. Qd2 a5 $6 {This plan
is a bit slow.} (21... Nxh5 $2 {opens the lines against his own K.} 22. Bxh6 $1
gxh6 (22... Nxg3 23. Rxg3 $16) 23. Qxh6 Ng7 24. Rh1 $1 f6 25. Ne4 Kf7 (25...
Qxe4 26. Rg3 $18) 26. Rg3 Rg8 27. Qg6+ Ke7 28. Rh7 Rdf8 29. Nc3 $1 {There is
no need to hurry taking back the piece immediately.} (29. Rxg7+ Rxg7 30. Qxg7+
Rf7 31. Qg4 Rh7 32. b3 Rh1+ 33. Kb2 Qxd4+ 34. c3 Qd1 $14) 29... Qxd4 30. Rd3
$18) ({fighting back in the [+] by} 21... c5 $1 {was required.} 22. dxc5 (22.
Bc7 c4 $1) 22... Qxc5 23. Rd1 (23. Be3 Qc6 24. Rd6 Qc7 25. Rd1 Nd5 $15) 23...
Qc6 24. Be5 Nd5 $13) 22. Ne2 $1 (22. Bxh6 gxh6 23. Qxh6 {is now met by} Ng4 $1
24. Qf4 Ngf6 $15) 22... b4 $6 (22... Nxh5 $2 23. Bxh6 $1 gxh6 24. Qxh6 $18) (
22... Qxh5 $6 23. Rh3 (23. g4 $5 Qh4) 23... Qf5 (23... Qg6 24. Bxh6 $1 (24. f3
$5 Qh7 $13 (24... Nb6 25. Bxh6)) 24... gxh6 25. Rg3 Ng4 26. Rh1 h5 27. f3 Ndf6
28. Qxa5 $14) 24. g4 $1 (24. Bxh6 gxh6 25. Qxh6 Qh7 26. Qc1 Qf5 27. Qh6 Qh7 $11
) 24... Qg6 (24... Qd5 25. Bxh6 $16) 25. g5 $40) (22... c5 $1 {was again the
best answer.} 23. Nc3 $5 (23. Bxh6 Ne4 $17) (23. g4 c4 24. Rh3 e5 $1 $17) (23.
dxc5 Qxc5 24. g4 Rc8 25. g5 hxg5 26. Bxg5 Ne4 27. Qc1 Ne5 28. Re3 {Bologan} (
28. Rd4 Nxg5 29. Qxg5 g6 30. hxg6 Qxc2+ 31. Ka1 Nxg6 $11) 28... Nxf2 29. Rc3
Qd5 30. h6 Ne4 31. Rh3 Ng6 32. hxg7 Qf5 33. Rhh1 Nxg5 34. Rxg5 Rxc2 $132) 23...
Qxh5 24. g4 {White grabs his chances on the >>, he has to open lines at any
cost.} Qg6 (24... Qh4 25. g5 $40) (24... Nxg4 $2 25. dxc5 $18) 25. g5 (25. dxc5
b4 26. Na4 Ne4 27. Qe3 e5 $17) 25... cxd4 (25... b4 26. Ne2 hxg5 27. Bxg5 $13)
26. Qd1 $1 (26. Rxd4 $2 e5 $19) (26. Ne2 Ne4 27. Qxa5 hxg5 $13) 26... Nc5 $1 (
26... hxg5 27. Rxg5 Qh7 28. Rxd4 b4 29. Be5 $1) 27. gxf6 (27. gxh6 Nxd3 28.
Rxg6 fxg6 29. Qxd3 dxc3 30. Qxg6 Rd1+ 31. Bc1 Re7 $15) 27... Qxf6 28. Bxh6 Qxh6
29. Rxd4 Qf6 30. Nxb5 Rxd4 $11) 23. g4 Ne4 (23... c5 {is now late:} 24. dxc5
Qxc5 25. g5 Ne4 26. Qc1 hxg5 27. Bxg5 f6 28. Bh6 Re7 29. Nf4 $16) 24. Qe3 Ng5 (
24... Nb6 $5 25. b3) 25. Rc1 (25. b3 $2 a4 $17) (25. Bxg5 $5 {deserves
attention} hxg5 (25... Qxg5 26. f4 Qd5 27. g5 $16) 26. h6 (26. f4 gxf4 27. Nxf4
(27. Qxf4 e5) 27... Qg5 $13) 26... g6 27. f4 gxf4 28. Qxf4 $36) 25... Nb6 (
25... a4 {is countered by} 26. c4 $1 Qa5 (26... bxc3 27. Nxc3) 27. c5 {and the
Q is cut off the >>.} Nh7 (27... Nf6 28. Bxg5 hxg5 29. Qxg5 Rd5 30. Qh4 $14)
28. g5 hxg5 29. Bxg5 f6 30. Bh4 e5 31. Rg1 exd4 32. Qg3 Re7 33. Nxd4 $18) 26.
b3 a4 $2 {Now White's -> is improving by every tempo.} ({The cautious} 26...
Qb5 {looked better} 27. c4 bxc3 28. Nxc3 Qa6 29. Bxg5 hxg5 30. Ne4 Nd5 31. Qf3
a4 $1 (31... f6 32. Nc5 $14) 32. Nc5 Qa7 33. Nxa4 Nf4 $132) (26... Ra8 {
was also possible:} 27. Bc7 $1 Nc8 28. c4 $1 Qd7 (28... bxc3 29. Nxc3 Qd7 30.
Bf4 $16) 29. Bf4 Nh7 (29... a4 $2 30. Bxg5 hxg5 31. Qxg5 axb3 32. Rxb3 Qa7 33.
Rc2 $16) 30. Ng3 (30. g5 hxg5 31. Bxg5 a4 $132) 30... a4 31. Ne4 Qa7 $13) 27.
Bc7 $1 Qa5 28. f4 $1 {This is the point! White wants to continue his -> on the
>>, the exchange is not so important.} (28. Bxd8 Rxd8 29. Nf4 (29. c4 bxc3 $44)
29... Ra8 30. Rd2 Nd5 31. Nxd5 cxd5 (31... Qxd5 32. Re2 Nf3 33. Rd1 c5 34. Qe4
Qxe4 35. Rxe4 Nxd4) 32. f3 Rc8 $44) 28... Nh7 29. g5 $1 {This is the
consequent follow-up.} (29. d5 $5 axb3 30. cxb3 Ra8 31. a4 (31. Rd2 Nxd5 32.
Bxa5 Nxe3 33. Bxb4) 31... exd5 (31... Nxd5 32. Bxa5 Nxe3 33. Rxe3 Rxa5 34. Nd4
$16) 32. Qxb6 Qxb6 33. Bxb6 Rxe2 34. Rxc6 Nf6 35. Rd4 $14 {is a better _|_ but
White certainly wants more.}) (29. Bxd8 Rxd8 30. c4 $5 (30. f5 Nd5 31. Qf2 Ra8
32. Rd2 exf5 33. Qxf5 Nhf6) 30... bxc3 31. Rcxc3 $44) 29... hxg5 (29... Ra8 $5
30. Bxb6 Qxb6 31. gxh6 (31. Rg1 Kh8) 31... gxh6 32. Rg1+ Kh8 33. Qe5+ f6 34.
Qe4 axb3 35. Rxb3 $14) 30. fxg5 Rd7 (30... axb3 31. cxb3 Ra8 32. Qd2 Qa7 33.
Bxb6 Qxb6 34. g6 Nf6 $14) 31. Bxb6 Qxb6 32. Rg1 (32. g6 Nf6 33. h6 fxg6 34. Qg5
axb3 35. cxb3 Qb5 36. Qxg6 Qf5 $13) 32... axb3 33. cxb3 Qa5 34. g6 fxg6 $2 {
opening the lines against his own K cannot be good.} (34... Nf6 $1 {was the
only defence:} 35. gxf7+ (35. h6 fxg6 (35... Qf5 $5 36. gxf7+ (36. Ng3 Qxg6 37.
Ne2 Qe4 $1 38. Qxe4 Nxe4 39. Rxg7+ Kh8 40. Nf4 Red8) 36... Rxf7 {- 35.gf}) 36.
Rxg6 Qf5 37. Rxg7+ Rxg7 38. hxg7 Nd5 $13) 35... Rxf7 36. h6 Qf5 $1 37. hxg7 (
37. Rxg7+ Rxg7 38. hxg7 Nd5) 37... Nd5 (37... Rxg7 38. Rxg7+ Kxg7 39. Kb2 $14)
38. Qd2 Ree7 39. Kb2 Rxg7 40. Rdg3 $14) 35. hxg6 $18 Nf6 36. Rg5 $1 Rd5 37. Re5
$1 Ng4 (37... Ra8 38. Nc1 Ng4 39. Qh3 $16) 38. Rxe6 $1 {That was an effective
R manoeuvre.} Rf8 (38... Nxe3 39. Rxe8#) 39. Qh3 Nh6 40. Rxc6 Rdf5 41. d5 1-0

[Event "Poikovsky Karpov 03rd"]
[Site "Poikovsky"]
[Date "2002.04.22"]
[Round "7"]
[White "Bologan, Viktor"]
[Black "Dreev, Alexey"]
[Result "0-1"]
[WhiteElo "2652"]
[BlackElo "2677"]
[Annotator "Lukacs,P"]
[PlyCount "72"]
[EventDate "2002.04.16"]
[EventType "tourn"]
[EventRounds "9"]
[EventCountry "RUS"]
[EventCategory "16"]
[SourceTitle "CBM 089"]
[Source "ChessBase"]
[SourceDate "2002.08.12"]
[SourceVersion "1"]
[SourceVersionDate "2002.08.12"]
[SourceQuality "1"]

1. e4 c6 2. d4 d5 3. Nc3 dxe4 4. Nxe4 Bf5 5. Ng3 Bg6 6. h4 h6 7. Nf3 Nd7 8. h5
Bh7 9. Bd3 Bxd3 10. Qxd3 e6 11. Bf4 Bb4+ {Black wants to provoke c3, but this
is not a big deal. Besides later if White plays c4 he can transpose to the
main line anyway.} 12. c3 Be7 13. O-O-O Ngf6 14. Kb1 O-O 15. Ne5 Qa5 (15... a5
$5 {/\ a4 is the old plan weakening the white K's position.} 16. c4 (16. Ne4 {
leads to unnecessary exchanges and the Q quickly reaches d5.} Nxe4 17. Qxe4 Nf6
18. Qe2 Qd5 19. f3 b5 20. g4 Nd7 21. Rhg1 Rad8 22. Bc1 Nxe5 23. dxe5 Qc5 $11 {
Emms-Summerscale, BCF-ch 86th Scarborough 1999}) (16. Rhe1 Nd5 17. Bc1 Nxe5 18.
dxe5 b5 19. Ne4 Rb8 20. g4 $14 {White's chances are more real for an -> on the
>>, than Black's counterattack on the other flank, Wittman-Lobron, Haifa 1989.}
) (16. Qc2 {is too solid.} a4 17. Bc1 Qc7 18. f4 a3 19. b3 c5 20. Nxd7 {
1/2:1/2 Korneev-Asrian, Minsk 1998}) 16... a4 17. Qf3 Qa5 (17... Qb6 18. Rd3 {
/\ Rad1 is a good prophylactical idea in this type of position.} c5 19. d5 Nxe5
20. Bxe5 Nd7 21. Bc3 Bf6 22. Bxf6 Nxf6 23. d6 {o^ d6 is rather nasty.} a3 24.
b3 Rfd8 25. Rhd1 Qb4 26. Ne4 $14 {Luther-Fontaine, Capella la Grande 2002}) 18.
Rd3 Rad8 19. Rhd1 Qa6 {- Lutz-Dreev, WchT 5th Yerevan 2001 CBM 86}) (15... c5
$6 16. Qf3 (16. Ne4 cxd4 17. Qxd4 Nb6 $1 (17... Nxe5 $2 18. Qxe5 Qb6 19. Bxh6
$1 $18) 18. Nxf6+ Bxf6 19. Qe4 Qe7 20. Ng4 Rfd8 21. Nxf6+ Qxf6 22. Be3 Nd5 (
22... Rxd1+ 23. Rxd1 Nd5 24. Bd4 Qf4 25. Qxf4 Nxf4 26. g4 {and the _|_ favours
White because of the strong B and the << P majority.} b5 27. Kc2 Nd5 28. Kb3 $1
a6 29. a4 f6 30. Ra1 $1 $16 {Leko-Anand, Bastia rapid 2001}) 23. Bd4 Qf4 {Leko}
) 16... cxd4 17. Rxd4 Nxe5 18. Bxe5 Qc8 19. Rhd1 Rd8 20. Ne4 $14 {with a
strong centralization of pieces, Chandler-Berg, BL 1987.}) 16. Ne4 (16. Nxd7
Nxd7 17. Ne4 Rad8 (17... Qf5 18. Be3 (18. Bc1 Rad8 19. g4 Qh7 20. Rhg1 f5 21.
gxf5 Rxf5 22. Qe2 $14 {leaving the dangerous d <-> looks safe.} (22. Rg6 $2 {
was a big blunder:} Ne5 $1 {and material losses are inevitable.} 23. Qg3 Rxh5
24. Rxe6 Qxe4+ 25. Ka1 Qh4 26. Qe3 Qg4 $19 {Topalov-Leko, FIDE GP Dubai rapid
2002})) 18... Rad8 19. g4 Qh7 20. g5 $5 {deserves attention.} (20. Rhg1 $6 {
forgets about} f5 $1 {/\ f4 winning a piece.} 21. Qc4 fxe4 22. Qxe6+ Rf7 $17 {
Kharlov-Danielsen, Copenhagen 1993})) 18. Qg3 Kh8 19. Bc7 Qf5 20. f3 Rc8 21.
Ka1 Nf6 $11 {Anand-Dreev, Moscow 2001 CBM 86}) 16... Rad8 17. Nxf6+ (17. Nxd7
Nxd7 {- 16.Nd7}) 17... Bxf6 18. Qg3 (18. Nc4 Qb5 19. Bd6 Rfe8 20. Bc7 Ra8 {
White's position looks slightly better...} 21. g4 Be7 22. Rhe1 Rac8 23. Bd6 Nb6
$11 {Leko-Anastasian, Moscow Wch K.O. 2001}) 18... Kh8 19. Nd3 (19. Nc4 Qf5+
20. Ka1 Be7 21. Bc7 Ra8 22. Bd6 Bxd6 23. Nxd6 Qc2 24. Qf3 Rab8 25. Rc1 Qh7 26.
g4 c5 27. Qe3 cxd4 28. cxd4 {White accepts the weakness of the isolated P but
gets the c <-> penetrating on c7.} Nf6 29. g5 hxg5 30. Qxg5 Qh6 31. Qxh6+ gxh6
32. Rc7 $14 {Habu-Marchand, 2nd NAO Masters 2002}) 19... Qf5 (19... Rc8 20. Bd6
Rfd8 21. Ne5 Kg8 22. Ng4 Qf5+ 23. Ka1 Kh8 24. f3 $14) 20. Qf3 (20. Ka1 {
looks as a good prophylaxis.}) 20... Bg5 $1 21. Bxg5 Qxg5 (21... Qxf3 $6 22.
gxf3 hxg5 23. Rdg1 f6 24. f4 $16) 22. g4 f5 23. Qf4 $6 (23. Rdg1 $1 {was the
correct plan.} fxg4 (23... c5 24. dxc5 fxg4 25. Qxg4 Qxg4 26. Rxg4 Nf6 27. Rd4
$16) 24. Qxg4 Qxg4 25. Rxg4 Rf5 $11) 23... fxg4 (23... Qxg4 $6 24. Qc7 $1 c5
25. Nf4 $16) 24. Qxg5 hxg5 25. Rhg1 Rf5 26. Rxg4 e5 {Now Black has easily
equalized, but White doesn't agree...} (26... Nf6 27. Rgg1 $11) 27. Rdg1 (27.
Re1 Nf6 $1 (27... exd4 28. Rxd4 $16) 28. Rxe5 Rxe5 29. Nxe5 Nxg4 30. Nf7+ Kh7
31. Nxd8 Nxf2 {and the g o^ is dangerous.} 32. Kc2 g4 33. Kd2 g3 34. Ke2 Nd3
35. Kf3 Nxb2 36. Nxb7 Kh6 37. Na5 Na4 38. Nxc6 Nxc3 $11) 27... Nf6 28. Rxg5
Rxg5 29. Rxg5 exd4 30. Ne5 (30. Kc2 dxc3 31. bxc3 $11) 30... Kh7 31. Kc2 $2 {
This is a big blunder from a calibre of GM Bologan!!} (31. Nf7 $1 Rd7 (31...
Rf8 32. Nd6 d3 33. Kc1 b6) 32. Ne5 $11 {was an easy draw.}) 31... dxc3 32. bxc3
Ne4 $19 {/\ Rd2} 33. Rg4 Rd2+ 34. Kb3 Nxf2 35. Rb4 Rd5 36. Nc4 Nd3 {and the R
is trapped!} 0-1

[Event "Candidates sf2"]
[Site "Dortmund"]
[Date "2002.07.14"]
[Round "2"]
[White "Topalov, Veselin"]
[Black "Bareev, Evgeny"]
[Result "0-1"]
[WhiteElo "2745"]
[BlackElo "2726"]
[Annotator "Lukacs,P"]
[PlyCount "116"]
[EventDate "2002.07.13"]
[EventType "match"]
[EventRounds "4"]
[EventCountry "GER"]
[SourceTitle "CBM 090"]
[Source "ChessBase"]
[SourceDate "2002.09.20"]
[SourceVersion "1"]
[SourceVersionDate "2002.09.20"]
[SourceQuality "1"]

1. e4 {Ftacnik} c6 2. d4 d5 3. Nc3 dxe4 4. Nxe4 Bf5 5. Ng3 Bg6 6. h4 h6 7. Nf3
Nd7 8. h5 Bh7 9. Bd3 Bxd3 10. Qxd3 e6 11. Bf4 Ngf6 12. O-O-O Be7 13. Kb1 O-O
14. Ne5 Qa5 (14... c5 $6 {is premeture in view of} 15. Qb5 $1 Qc8 16. Nxd7 Nxd7
17. d5 exd5 18. Nf5 Bf6 19. Rxd5 $16 {Trupan-Pashkov, Krasnodar op 1997}) (
14... Rc8 {/\ c5, or sometimes b5 when >< c6 is defended.} 15. Qe2 (15. Qf3 Qa5
16. c4 Rfd8 17. Rd3 Qa6 $1 {- Glek-Bareev, RUS-ch51 St.Petersburg 1998 CBM 67})
(15. c4 c5) (15. Ne4 {The passive g3 N causes a lot of trouble for White, it's
natural place is on e4. On the other hand White has to avoid the mass
exchanges in the [+].} Nxe4 16. Qxe4 Nf6 17. Qe2 Qb6 18. Rh3 {The R is
excellent on the third rank.} c5 19. Rg3 Kh7 20. Rb3 Qa6 21. c4 Rcd8 22. dxc5
Rxd1+ 23. Qxd1 Bxc5 24. Qf3 $16 {Moreno Carnero-Rasnussen, Anibal Open Linares
2002}) 15... b5 {Black wants to blockade the light squares, especially d5.} 16.
Nxd7 Qxd7 17. Be5 Rfd8 18. Bxf6 Bxf6 19. Ne4 Qe7 $13 {Macieja-Rasmussen, EU-ch
1st Saint Vincent 2000}) (14... Nxe5 15. Bxe5 Ng4 16. Qe2 Nxe5 17. dxe5 Qc7 18.
f4 Rfd8 19. Ne4 Rxd1+ 20. Rxd1 {White still retains the somewhat better
chances in the _|_ due to his superior N and better P structure. However Black
can make a draw with precise technical play.} Rd8 {+/=/= Arnold-Groszpeter,
Paks Cup GM 2000}) 15. Ne4 (15. Ne2 {White avoids the exchanges in the [+] and
prepares the push g4-g5.} Rad8 16. Qb3 Qa6 17. Qf3 Nd5 18. Bc1 Nxe5 19. dxe5
Nb6 20. Qg4 Kh8 21. Qe4 {White's Q manoeuvres fail to impress.} Rd5 22. Nc3 Ra5
23. Rh3 Nd5 $11 {Jonkman-Gyimesi, Andorra op 2001}) (15. Nxd7 Nxd7 16. Ne4 Qf5
17. Qf3 Nf6 18. Nxf6+ Bxf6 19. g4 Qd5 20. Rh3 {This type of _|_ cannot be bad
for Black.} Rad8 21. Bxh6 Qxf3 22. Rxf3 Rxd4 23. Rxd4 Bxd4 24. Bc1 f5 $11 {
Emms-Lars Bo Hansen, Politiken Cup 1996}) 15... Nxe4 (15... Rad8 16. Nxf6+ Nxf6
17. Qg3 Kh8 18. Rd3 c5 19. Qf3 Rxd4 20. Rxd4 cxd4 21. Qxb7 Nd5 {Black has an
active counterplay, winning b7 is rarely good.} 22. Bg3 Qa4 23. Qb3 Qa6 24. Qd3
Qa4 $13 {Adams-Bareev, Sparkassen Gp 2 Dortmund 2002}) 16. Qxe4 Rad8 17. c4
Nxe5 18. Bxe5 $6 {White wants to complicate matters, butin his P structure ><
d4 remains a target.} (18. dxe5 Rxd1+ 19. Rxd1 Rd8 {leads to an only slightly
better _|_ for White.}) 18... Bd6 $1 19. f3 (19. Bxd6 Rxd6 20. Qe5 Qd8 $15 {
and Black will triple his heavy artillery on the d <->.}) (19. g4 $5 Be7 (19...
Rd7 20. g5 $1) 20. Rd3 Rd7 21. Rhd1 Rfd8 $15 {and White has no real chances on
the >>, therefore he has to defend >< d4.}) 19... Rd7 20. Bxd6 Rxd6 21. Qe5 Qd8
22. Rd3 {'?!' Ftacnik.} b5 $1 {[%mdl 32] This is the typical method worsening
White's P structure.} 23. b3 $6 (23. c5 {creates a weak backward P on d4} Rd5
$15) (23. cxb5 Rd5 24. Qe4 cxb5 $17 {is even worse, the isolated P is a real
target in R endgames.}) 23... bxc4 24. bxc4 Qe7 {White has to keep an eye on
his K because of the opened b <->.} (24... f6 25. Qc5 Qb6+ $15) 25. Kc2 (25.
Rb3 Qd7 $15) 25... Rfd8 26. Qc5 R8d7 27. Rhd1 Qh4 28. g4 f6 29. Qb4 (29. R1d2
Qg3 $15) 29... f5 $5 {Black wants to ruin White's P chain on the >> widening
the battlefront.} 30. Qb8+ (30. gxf5 exf5 31. Qb8+ Kh7 32. Qe8 Qf6 $17) 30...
Kh7 31. Qe8 Qf6 32. c5 Rd5 33. Re1 Re7 $1 {Black gives the weak c6 P, but
penetrates into White's position and the K in the middle becomes more
vulnerable.} (33... Rxd4 34. Rxd4 Rxd4 35. Qg6+ Qxg6 36. hxg6+ Kxg6 37. Rxe6+
Kg5 $17) 34. Qxc6 (34. Qg6+ Qxg6 35. hxg6+ Kxg6 36. Rde3 Kf6 $19 {and the R
_|_ is lost because of the many additional weaknesses besides the loss of the
P.}) 34... fxg4 35. fxg4 Qf2+ 36. Kd1 Rxd4 $19 37. Rxd4 Qxd4+ 38. Kc2 Qc4+ 39.
Kd2 Qxa2+ {With a K like that it is very difficult to save the _|_.} 40. Ke3
Qb3+ 41. Ke2 Qc2+ 42. Ke3 Qc3+ 43. Ke2 Qe5+ 44. Kd2 Qd4+ 45. Kc2 Qc4+ 46. Kd2
Qb4+ 47. Ke2 Qb2+ 48. Ke3 Qc3+ 49. Ke2 Qe5+ 50. Kd2 Qd4+ 51. Kc2 Qc4+ 52. Kd2
Qb4+ 53. Ke2 Rf7 $1 {and finally the R joins the ->.} 54. Qxe6 Rf6 55. Qd5
Qxg4+ 56. Kd3 Rf5 57. Re5 Qg3+ 58. Kd4 Qf2+ 0-1

[Event "WchT 6th"]
[Site "Beersheba"]
[Date "2005.11.01"]
[Round "1.2"]
[White "Dominguez Perez, Leinier"]
[Black "Dreev, Alexey"]
[Result "1/2-1/2"]
[WhiteElo "2635"]
[BlackElo "2694"]
[Annotator "Lukacs,P"]
[PlyCount "55"]
[EventDate "2005.11.01"]
[EventType "team-tourn"]
[EventRounds "9"]
[EventCountry "ISR"]
[SourceTitle "CBM 110"]
[Source "ChessBase"]
[SourceDate "2006.01.31"]
[SourceVersion "1"]
[SourceVersionDate "2006.01.31"]
[SourceQuality "1"]
[WhiteTeam "Cuba"]
[BlackTeam "Russia"]
[WhiteTeamCountry "CUB"]
[BlackTeamCountry "RUS"]

1. e4 c6 2. d4 d5 3. Nc3 dxe4 4. Nxe4 Bf5 5. Ng3 Bg6 6. h4 h6 7. Nf3 Nd7 8. h5
Bh7 9. Bd3 Bxd3 10. Qxd3 e6 11. Bf4 Qa5+ 12. Bd2 Bb4 13. c3 Be7 14. c4 {
In this variation 0-0 is usually completely harmless.} (14. Ne4 Ngf6 15. Nxf6+
(15. c4 Qa6 16. Nxf6+ Nxf6 17. Qe2 O-O {White still has problems with his K.}
18. Ne5 Rad8 19. Bc3 b5 20. b3 bxc4 21. Qxc4 Qxc4 22. bxc4 Rc8 23. Rd1 Ne4 24.
Ba5 Bd8 25. Bb4 Re8 $11 {Rosito-Slipak, Pinamar 2002}) 15... gxf6 16. a4 O-O-O
17. b4 Qd5 18. c4 Ne5 $1 19. Nxe5 Qxe5+ 20. dxe5 Rxd3 21. exf6 Bxf6 {and the
_|_ can only be better for Black.} 22. Ra2 Rd4 23. Rc2 Re4+ 24. Kf1 Bg5 25. f4
Be7 $11 {Sherzer-Rowley, Philadelphia 1994}) 14... Qc7 15. O-O Ngf6 16. Rfe1 (
16. Qe2 O-O {If the white K would be on the <<, then things would be
completely different.} 17. Ne5 Rad8 18. Ng6 $5 {This is a typical tactical
motif, but Black is not forced to take the N, see Sadvakasov-Graf, Mallorca
2004 CBM 104.}) 16... O-O $142 (16... O-O-O 17. b4) 17. Nf5 (17. Qe2 Rad8 18.
Bc3 Bd6 {The N on g3 is really very bad.} 19. Ne5 c5 20. dxc5 (20. Nxd7 $6 Rxd7
21. d5 Bxg3 22. Bxf6 Bh2+ 23. Kh1 gxf6 24. g3 exd5 25. Kxh2 d4 $15 {and Black
has a strong protected o^, Adams-Riazantsev, Bastia 2005.}) 20... Bxe5 {
1/2-1/2 Baramidze-Riazantsev, Hengelo 2005} 21. Bxe5 Qxe5 22. Qxe5 Nxe5 23.
Rxe5 Nd7 24. Re3 Nxc5 $11 {leads to equality, but because of the d <-> snd the
passive N it is White, who has to play carefully.}) 17... Bd6 18. Nxd6 Qxd6 19.
Qb3 a5 $5 {Black wants to take control over the light squares on the <<.} (
19... Qc7 20. Ne5 c5 21. Nxd7 Nxd7 22. Bc3 cxd4 23. Bxd4 Rac8 $11) (19... c5 {
may help to white B if some diagonals will be opened for him.} 20. Rad1 cxd4
21. Bb4 Nc5 22. Ne5 (22. Qa3 b6 23. Nxd4 a5 $5) 22... a5 $5 (22... b6 23. Qf3
Nfd7 24. Nxd7 Qxd7 25. Bc3 e5 26. Rxe5 Ne6 (26... dxc3 27. Rxd7 Nxd7 28. Re2
$18 {M.Carlsen-L.Hansen, Skanderborg 2005}) 27. Bxd4 Nxd4 28. Qe4 Qa4 29. Qxd4
$16) (22... Rac8 23. Qf3 $36) 23. Bxc5 Qxc5 24. Qxb7 Rab8 25. Qf3 a4 $13) 20.
Rad1 b5 $1 {This is the point!} 21. Ne5 (21. cxb5 Rfb8 (21... a4 22. Qb4 Qxb4
23. Bxb4 Rfb8 24. bxc6 Rxb4 25. cxd7 Rxb2 $132) 22. Ne5 Rxb5 23. Qc3 a4 $1 24.
Bxh6 gxh6 25. Qg3+ Kh7 (25... Kf8 $4 26. Ng6+ $18) 26. Qd3+ Kg7 27. Qg3+ Kh7 {
and draw by perpetual checks.}) 21... bxc4 22. Qxc4 (22. Nxc4 Qd5 $15) 22...
Rfc8 {Black has a total control over >< d5, but his << pawns are also weak.}
23. Qe2 Qd5 24. Bf4 Rd8 (24... Qxa2 $6 25. Rd3 Qd5 26. Rg3 Kf8 27. Nxd7+ Qxd7
28. Be5 Qe7 29. Qf3 $14) 25. Rd3 Nxe5 26. Bxe5 Nd7 27. Rg3 (27. Bc7 $5 Rdc8 28.
Be5 Nxe5 29. dxe5 Qxa2 30. Rg3 Kh8 $13) 27... Nxe5 28. dxe5 {The _|_ with
heavy pieces is an easy draw.} 1/2-1/2